[Event "Titled Tuesday intern op 19th Dec Early"]
[Site "Chess.com INT"]
[Date "2023.12.19"]
[Round "8"]
[White "Dwilewicz, Katarzyna"]
[Black "Kowalysko, Roman"]
[Result "1-0"]
[WhiteElo "2112"]
[BlackElo "1859"]
[PlyCount "57"]
[EventDate "2023.12.19"]
[EventType "swiss (blitz)"]
[EventRounds "11"]
[EventCountry "USA"]
[SourceTitle "CB52_2023"]
[SourceDate "2023.12.27"]
[SourceVersion "1"]
[SourceVersionDate "2023.12.27"]
[SourceQuality "1"]

1. e4 c5 2. c3 Nf6 3. e5 Nd5 4. d4 cxd4 5. Bc4 Nb6 6. Bb3 d3 7. Qxd3 Nc6 8. Nf3 g6 9. Bf4 Bg7 10. h4 e6 11. Nbd2 h5 12. 0-0-0 a5 13. a4 Rb8 14. Ne4 0-0 15. Rhe1 Na8 16. Bg5 Qb6 17. Ned2 Nc7 18. Re2 Qa6 19. Bc4 b5 20. axb5 Nxb5 21. Kc2 a4 22. Ra1 Nca7 23. Re4 Qb7 24. Bxb5 Nxb5 25. Rexa4 Nd4+ 26. Nxd4 Qxb2+ 27. Kd1 Bxe5 28. Rb1 Qa3 29. Rxa3 1-0

[Event "Titled Tuesday intern op 26th Sep Early"]
[Site "Chess.com INT"]
[Date "2023.09.26"]
[Round "2"]
[White "Kowalysko, Roman"]
[Black "Catur, Adi Sagita"]
[Result "0-1"]
[WhiteElo "1866"]
[BlackElo "2332"]
[PlyCount "62"]
[EventDate "2023.09.26"]
[EventType "swiss (blitz)"]
[EventRounds "11"]
[EventCountry "USA"]
[SourceTitle "EXT 2024"]
[Source "ChessBase"]
[SourceDate "2023.10.10"]
[SourceVersion "1"]
[SourceVersionDate "2023.10.10"]
[SourceQuality "1"]

1. e4 e5 2. Nc3 Nc6 3. Nf3 Nf6 4. Bb5 Bc5 5. 0-0 d6 6. d4 exd4 7. Nxd4 Bd7 8. Nf5 Bxf5 9. exf5 0-0 10. Bg5 h6 11. Bh4 Nd4 12. Nd5 Nxb5 13. Nxf6+ gxf6 14. a4 Qd7 15. axb5 Qxf5 16. Ra4 Kh7 17. Qd2 Rg8 18. Rf4 Qg6 19. g3 f5 20. Qd3 Qe6 21. b4 Bb6 22. Rxf5 Rg6 23. Rf6 Qe8 24. Qf5 Kg7 25. Rxg6+ fxg6 26. Qf6+ Kg8 27. Rd1 Qf7 28. Rd3 g5 29. Qxh6 gxh4 30. Qxh4 Qxf2+ 31. Kh1 Qg1# 0-1

[Event "Titled Tuesday intern op 22nd Aug Early"]
[Site "Chess.com INT"]
[Date "2023.08.22"]
[Round "1"]
[White "Asish, Panda"]
[Black "Kowalysko, Roman"]
[Result "1-0"]
[WhiteElo "1731"]
[BlackElo "1866"]
[PlyCount "85"]
[EventDate "2023.08.22"]
[EventType "swiss (blitz)"]
[EventRounds "11"]
[EventCountry "USA"]
[SourceTitle "EXT 2024"]
[Source "ChessBase"]
[SourceDate "2023.10.10"]
[SourceVersion "1"]
[SourceVersionDate "2023.10.10"]
[SourceQuality "1"]

1. e4 c5 2. Nf3 d6 3. d4 cxd4 4. Qxd4 Nc6 5. Bb5 Bd7 6. Bxc6 Bxc6 7. c4 Nf6 8. Nc3 g6 9. Bg5 Bg7 10. 0-0 0-0 11. Qd3 Rc8 12. Rfd1 Qc7 13. Rac1 a6 14. Nd4 Rfe8 15. b3 Nd7 16. Nd5 Bxd5 17. exd5 Ne5 18. Qe2 Qc5 19. Be3 Qc7 20. f4 Nd7 21. h4 Nf6 22. Bf2 h5 23. f5 Ng4 24. fxg6 fxg6 25. Ne6 Qd7 26. Bd4 Ne5 27. Nxg7 Kxg7 28. Bxe5+ dxe5 29. Qxe5+ Kh7 30. Rf1 Rf8 31. Rce1 e6 32. Rxf8 Rxf8 33. dxe6 Qd2 34. Qe2 Qd4+ 35. Qe3 Qxh4 36. e7 Re8 37. Qe6 Qxc4 38. bxc4 Rg8 39. Qxg8+ Kxg8 40. e8Q+ Kg7 41. Re6 g5 42. Qg6+ Kf8 43. Re8# 1-0

[Event "Titled Tuesday intern op 22nd Aug Early"]
[Site "Chess.com INT"]
[Date "2023.08.22"]
[Round "4"]
[White "Sroczynski, Maciej"]
[Black "Kowalysko, Roman"]
[Result "1-0"]
[WhiteElo "2271"]
[BlackElo "1866"]
[PlyCount "39"]
[EventDate "2023.08.22"]
[EventType "swiss (blitz)"]
[EventRounds "11"]
[EventCountry "USA"]
[SourceTitle "EXT 2024"]
[Source "ChessBase"]
[SourceDate "2023.10.10"]
[SourceVersion "1"]
[SourceVersionDate "2023.10.10"]
[SourceQuality "1"]

1. Nf3 Nf6 2. g3 Nc6 3. Bg2 e5 4. 0-0 e4 5. Ne1 d5 6. d3 Bc5 7. Nc3 exd3 8. Nxd3 Bb6 9. Bg5 Be6 10. e4 dxe4 11. Nxe4 Bd4 12. c3 Be5 13. Nxe5 Nxe5 14. Qxd8+ Rxd8 15. Nxf6+ gxf6 16. Bxf6 Ng6 17. Bxh8 Nxh8 18. Rad1 Bc8 19. Rfe1+ Be6 20. Rxd8+ 1-0

[Event "Titled Tuesday intern op 27th Jun Early"]
[Site "Chess.com INT"]
[Date "2023.06.27"]
[Round "3"]
[White "Fajdetic, Hrvoje"]
[Black "Kowalysko, Roman"]
[Result "1-0"]
[WhiteElo "2151"]
[BlackElo "1888"]
[PlyCount "83"]
[EventDate "2023.06.27"]
[EventType "swiss (blitz)"]
[EventRounds "11"]
[EventCountry "USA"]
[SourceTitle "EXT 2024"]
[Source "ChessBase"]
[SourceDate "2023.10.10"]
[SourceVersion "1"]
[SourceVersionDate "2023.10.10"]
[SourceQuality "1"]

1. f4 e5 2. fxe5 d6 3. exd6 Bxd6 4. Nf3 g5 5. g3 g4 6. Nh4 Ne7 7. Nc3 Ng6 8. Ng2 h5 9. Ne4 h4 10. Nxd6+ Qxd6 11. gxh4 Nxh4 12. d4 Nxg2+ 13. Bxg2 Rxh2 14. 0-0 Rh8 15. Bf4 Qe7 16. Qd3 Nc6 17. d5 Ne5 18. Qe4 f6 19. Bxe5 Qxe5 20. Qg6+ Kf8 21. Rxf6+ Qxf6 22. Qxf6+ Kg8 23. d6 c6 24. Qd8+ Kg7 25. Qc7+ Kf6 26. d7 Bxd7 27. Qxd7 Rad8 28. Qxg4 Rhg8 29. Rf1+ Ke7 30. Qh4+ Kd6 31. Rf6+ Kc7 32. Qf4+ Kb6 33. Kh2 Rh8+ 34. Rh6 Rdf8 35. Qh4 Rhg8 36. Qd4+ Ka6 37. e4 b6 38. e5 Rd8 39. Qa4+ Kb7 40. Qxc6+ Ka6 41. Bf1+ Ka5 42. Qb5# 1-0

[Event "Titled Tuesday intern op 27th Jun Early"]
[Site "Chess.com INT"]
[Date "2023.06.27"]
[Round "4"]
[White "Kowalysko, Roman"]
[Black "Gatterer, Florian"]
[Result "0-1"]
[WhiteElo "1888"]
[BlackElo "2170"]
[PlyCount "38"]
[EventDate "2023.06.27"]
[EventType "swiss (blitz)"]
[EventRounds "11"]
[EventCountry "USA"]
[SourceTitle "EXT 2024"]
[Source "ChessBase"]
[SourceDate "2023.10.10"]
[SourceVersion "1"]
[SourceVersionDate "2023.10.10"]
[SourceQuality "1"]

1. e4 c5 2. Nf3 e6 3. d4 cxd4 4. Nxd4 Nf6 5. Nc3 Nc6 6. Ndb5 Bc5 7. Nd6+ Ke7 8. Bf4 e5 9. Nf5+ Kf8 10. Bg5 Bb4 11. Ne3 h6 12. Bxf6 Qxf6 13. Ned5 Bxc3+ 14. Nxc3 g6 15. Qd2 Kg7 16. 0-0-0 a6 17. Nd5 Qg5 18. c3 Rb8 19. f3 b5 0-1

[Event "Titled Tuesday intern op 18th Apr Early"]
[Site "Chess.com INT"]
[Date "2023.04.18"]
[Round "5"]
[White "Kowalysko, Roman"]
[Black "Coelho, Ramyres Santana"]
[Result "0-1"]
[WhiteElo "1888"]
[BlackElo "1981"]
[PlyCount "128"]
[EventDate "2023.04.18"]
[EventType "swiss (blitz)"]
[EventRounds "11"]
[EventCountry "USA"]
[SourceTitle "EXT 2024"]
[Source "ChessBase"]
[SourceDate "2023.10.10"]
[SourceVersion "1"]
[SourceVersionDate "2023.10.10"]
[SourceQuality "1"]

1. e4 c5 2. Nf3 d6 3. d4 cxd4 4. Nxd4 Nf6 5. Nc3 a6 6. Qf3 e6 7. Qg3 Nbd7 8. Bg5 Be7 9. f4 h6 10. Bh4 Nxe4 11. Bxe7 Nxg3 12. Bxd8 Nxh1 13. Bh4 g5 14. fxg5 hxg5 15. Bxg5 Rxh2 16. 0-0-0 Ng3 17. Bf4 Nxf1 18. Bxh2 Nxh2 19. Rh1 Ng4 20. Rh8+ Ke7 21. Na4 Ngf6 22. Kd2 Nd5 23. c4 N5b6 24. Nc3 Nxc4+ 25. Kc2 Nce5 26. Na4 b5 27. Nc3 Bb7 28. Rxa8 Bxa8 29. Kd2 Bxg2 30. Ncxb5 axb5 31. Nxb5 Bc6 32. Nc3 Nc4+ 33. Kc2 Nc5 34. b3 Ne3+ 35. Kd2 Nd5 36. Ne2 Ne4+ 37. Ke1 Bb5 38. Ng1 Ne3 39. a4 Bd3 40. b4 Kd7 41. Nf3 Kc6 42. Nd4+ Kd5 43. Nb3 Kc4 44. Nc1 Bc2 45. Ke2 Nd5 46. b5 Bxa4 47. Kf3 Nd2+ 48. Ke2 Nb3 49. Nd3 Nc3+ 50. Ke3 Bxb5 51. Nb2+ Kd5 52. Kf3 e5 53. Ke3 f5 54. Kf2 f4 55. Ke1 e4 56. Kf2 e3+ 57. Ke1 Ke4 58. Nc4 Be8 59. Nxd6+ Kd3 60. Nxe8 f3 61. Nd6 Nd2 62. Ne4 Ncxe4 63. Kd1 e2+ 64. Ke1 f2# 0-1

[Event "Titled Tuesday intern op 11th Apr Early"]
[Site "Chess.com INT"]
[Date "2023.04.11"]
[Round "1"]
[White "Filgueira, Hernan"]
[Black "Kowalysko, Roman"]
[Result "1-0"]
[WhiteElo "2283"]
[BlackElo "1888"]
[PlyCount "105"]
[EventDate "2023.04.11"]
[EventType "swiss (blitz)"]
[EventRounds "11"]
[EventCountry "USA"]
[SourceTitle "CBM 213 Extra"]
[Source "ChessBase"]
[SourceDate "2023.05.31"]
[SourceVersion "1"]
[SourceVersionDate "2023.05.31"]
[SourceQuality "1"]

1. c4 Nf6 2. Nc3 g6 3. g3 Bg7 4. Bg2 0-0 5. Nf3 d6 6. d3 Nbd7 7. 0-0 e5 8. Rb1 a5 9. a3 c6 10. b4 axb4 11. axb4 Qe7 12. e4 Rd8 13. Re1 Nf8 14. h3 Ne6 15. Be3 Bd7 16. Qd2 Ra3 17. Ra1 Rda8 18. Qb2 Rxa1 19. Rxa1 Rxa1+ 20. Qxa1 Qd8 21. Qa7 Qc8 22. Kh2 Ne8 23. Na4 Nd4 24. Bxd4 exd4 25. Nb6 Qd8 26. Qxb7 Nc7 27. h4 h5 28. Ng5 Bf6 29. Nh3 Bxh3 30. Bxh3 g5 31. hxg5 Bxg5 32. Qc8 h4 33. Qxd8+ Bxd8 34. Bd7 hxg3+ 35. Kxg3 c5 36. bxc5 dxc5 37. Na4 Be7 38. f4 Na6 39. Kf3 Nb4 40. Ke2 Kg7 41. Nb6 f6 42. Be6 Bd6 43. f5 Kf8 44. Na4 Ke7 45. Nb2 Nc6 46. Nd1 Ne5 47. Nf2 Bc7 48. Bd5 Kd6 49. Nh3 Bd8 50. Nf4 Be7 51. Ng6 Nxg6 52. fxg6 Ke5 53. g7 1-0

[Event "Titled Tuesday intern op 14th Mar Early"]
[Site "Chess.com INT"]
[Date "2023.03.14"]
[Round "3"]
[White "Bilan, Danila"]
[Black "Kowalysko, Roman"]
[Result "1-0"]
[WhiteElo "2303"]
[BlackElo "1888"]
[PlyCount "65"]
[EventDate "2023.03.14"]
[EventType "swiss (blitz)"]
[EventRounds "11"]
[EventCountry "USA"]
[SourceTitle "EXT 2024"]
[Source "ChessBase"]
[SourceDate "2023.10.10"]
[SourceVersion "1"]
[SourceVersionDate "2023.10.10"]
[SourceQuality "1"]

1. d4 Nf6 2. Nf3 g6 3. Bg5 Bg7 4. c3 d5 5. Nbd2 0-0 6. e3 c6 7. Bd3 Nbd7 8. 0-0 Re8 9. c4 dxc4 10. Nxc4 Qc7 11. Rc1 e5 12. Ncxe5 Nxe5 13. Nxe5 Nh5 14. Nf3 Be6 15. Bc4 Bg4 16. h3 Be6 17. Qb3 Bxc4 18. Qxc4 Qb6 19. g4 Nf6 20. Bf4 Nd5 21. Be5 Rad8 22. Rfd1 Qxb2 23. Rb1 Qc3 24. Qa4 Nxe3 25. fxe3 Qxe3+ 26. Kg2 Qe2+ 27. Kg3 Bxe5+ 28. dxe5 Rd3 29. Rxd3 Qxd3 30. Rxb7 Rxe5 31. Qb3 Qd6 32. Qxf7+ Kh8 33. Qg7# 1-0

[Event "Titled Tuesday intern op 14th Mar Early"]
[Site "Chess.com INT"]
[Date "2023.03.14"]
[Round "4"]
[White "Horak, Martin"]
[Black "Kowalysko, Roman"]
[Result "1-0"]
[WhiteElo "2238"]
[BlackElo "1888"]
[PlyCount "87"]
[EventDate "2023.03.14"]
[EventType "swiss (blitz)"]
[EventRounds "11"]
[EventCountry "USA"]
[SourceTitle "EXT 2024"]
[Source "ChessBase"]
[SourceDate "2023.10.10"]
[SourceVersion "1"]
[SourceVersionDate "2023.10.10"]
[SourceQuality "1"]

1. d4 Nf6 2. Nf3 g6 3. c4 Bg7 4. e3 0-0 5. Be2 d6 6. Nc3 Bf5 7. 0-0 Nbd7 8. Nh4 Ne4 9. Nxe4 Bxe4 10. f3 Bf5 11. Nxf5 gxf5 12. f4 Nf6 13. Bf3 Ne4 14. Bd2 e6 15. Qc2 d5 16. cxd5 exd5 17. Bb4 Re8 18. Rac1 c6 19. a4 Qd7 20. Rfe1 Bf6 21. Ba3 Kh8 22. b4 a6 23. Qd3 Qe6 24. Rb1 Rg8 25. Bc1 Bh4 26. Re2 Rae8 27. b5 Qh6 28. bxa6 Bg3 29. h3 bxa6 30. Bd2 Qh4 31. Be1 Re6 32. Bxg3 Rxg3 33. Rb8+ Kg7 34. Qa3 c5 35. dxc5 Rxf3 36. c6 Rxe3 37. Qf8+ Kf6 38. Qh8+ Kg6 39. Rg8+ Kh6 40. Qg7+ Kh5 41. g4+ fxg4 42. hxg4+ Qxg4+ 43. Qxg4+ Kh6 44. Rh2+ 1-0

[Event "Titled Tuesday intern op 14th Mar Late"]
[Site "Chess.com INT"]
[Date "2023.03.14"]
[Round "7"]
[White "Kowalysko, Roman"]
[Black "Chabris, Christopher"]
[Result "0-1"]
[WhiteElo "1888"]
[BlackElo "2053"]
[PlyCount "70"]
[EventDate "2023.03.14"]
[EventType "swiss (blitz)"]
[EventRounds "11"]
[EventCountry "USA"]
[SourceTitle "EXT 2024"]
[Source "ChessBase"]
[SourceDate "2023.10.10"]
[SourceVersion "1"]
[SourceVersionDate "2023.10.10"]
[SourceQuality "1"]

1. e4 c5 2. Nf3 d6 3. d4 cxd4 4. Nxd4 Nf6 5. Nc3 a6 6. Bg5 e6 7. f4 h6 8. Bh4 Qb6 9. Qd3 Qxb2 10. Rb1 Qa3 11. Bxf6 gxf6 12. f5 Nc6 13. Nxc6 bxc6 14. Be2 h5 15. fxe6 Bxe6 16. 0-0 Be7 17. Kh1 Qa5 18. Qg3 Kf8 19. Rf3 h4 20. Qf4 Qe5 21. Qxe5 fxe5 22. Rb7 Rg8 23. Na4 h3 24. g3 Bg4 25. Rf2 Bxe2 26. Rxe2 Rg4 27. Nb6 Rd8 28. Nd7+ Kg7 29. Nb6 Bf6 30. Kg1 d5 31. Nd7 Rxe4 32. Rf2 Bg5 33. Nc5 Re1+ 34. Rf1 Be3+ 35. Kh1 Rxf1# 0-1

[Event "Titled Tuesday intern op 14th Feb Early"]
[Site "Chess.com INT"]
[Date "2023.02.14"]
[Round "3"]
[White "Kowalysko, Roman"]
[Black "Buscar, Michael"]
[Result "0-1"]
[WhiteElo "1888"]
[BlackElo "2041"]
[PlyCount "110"]
[EventDate "2023.02.14"]
[EventType "swiss (blitz)"]
[EventRounds "11"]
[EventCountry "USA"]
[SourceTitle "CBM 212 Extra"]
[Source "ChessBase"]
[SourceDate "2023.03.31"]
[SourceVersion "1"]
[SourceVersionDate "2023.03.31"]
[SourceQuality "1"]

1. Nc3 Nf6 2. e4 Nc6 3. Nf3 e5 4. Bb5 Bc5 5. 0-0 d6 6. d4 exd4 7. Nxd4 Bd7 8. Nf5 0-0 9. Bg5 Ne5 10. Nd5 Bxb5 11. Nxf6+ gxf6 12. Bh6 Bd7 13. Qh5 Bxf5 14. exf5 Re8 15. b4 Bxb4 16. f4 Ng6 17. fxg6 hxg6 18. Qg4 Bc5+ 19. Kh1 f5 20. Qg3 Bd4 21. Bg5 Bf6 22. Rab1 Bxg5 23. fxg5 b6 24. h4 Re4 25. Rf4 Qe7 26. Rbf1 Kg7 27. Qc3+ Qe5 28. Qf3 Rxf4 29. Qxf4 Qxf4 30. Rxf4 Re8 31. a4 Re4 32. g3 Rxf4 33. gxf4 f6 34. Kg2 fxg5 35. hxg5 Kf7 36. Kf3 Ke6 37. Ke3 c5 38. c4 d5 39. Kd3 a6 40. Kc3 Kd6 41. Kd3 Kc6 42. Kc3 d4+ 43. Kd3 b5 44. axb5+ axb5 45. cxb5+ Kxb5 46. Kd2 c4 47. Kc2 Kc5 48. Kd2 Kd5 49. Ke2 Ke4 50. Kf2 Kxf4 51. Kg2 Kxg5 52. Kg3 f4+ 53. Kf3 Kf5 54. Kf2 g5 55. Kf3 g4+ 0-1

[Event "Titled Tuesday intern op 18th Oct Late"]
[Site "Chess.com INT"]
[Date "2022.10.18"]
[Round "2"]
[White "Besedes, Danilo"]
[Black "Kowalysko, Roman"]
[Result "1-0"]
[WhiteElo "2302"]
[BlackElo "1914"]
[PlyCount "103"]
[EventDate "2022.10.18"]
[EventType "swiss (blitz)"]
[EventRounds "11"]
[EventCountry "USA"]
[SourceTitle "EXT 2024"]
[Source "ChessBase"]
[SourceDate "2023.10.10"]
[SourceVersion "1"]
[SourceVersionDate "2023.10.10"]
[SourceQuality "1"]

1. Nf3 Nf6 2. d4 d5 3. Bf4 Nc6 4. e3 Bf5 5. a3 e6 6. c4 dxc4 7. Bxc4 Bd6 8. Bg5 Be7 9. Nc3 Ne4 10. Bxe7 Qxe7 11. Rc1 Nxc3 12. Rxc3 0-0 13. 0-0 Rad8 14. Bb5 Bg4 15. Bxc6 bxc6 16. Rxc6 e5 17. h3 Bxf3 18. Qxf3 exd4 19. exd4 Rxd4 20. Rfc1 Rfd8 21. Rxc7 Rd1+ 22. Rxd1 Rxd1+ 23. Qxd1 Qxc7 24. Qd4 h6 25. g3 Qa5 26. Kg2 a6 27. h4 g6 28. a4 h5 29. b3 Qc7 30. Qd5 Qb6 31. a5 Qf6 32. b4 Qc3 33. Qb7 Qc4 34. b5 g5 35. bxa6 gxh4 36. a7 h3+ 37. Kh2 Qc5 38. a8Q+ Kg7 39. Qf3 Qg5 40. Kxh3 h4 41. Qg4 f6 42. Qxg5+ fxg5 43. Qe4 g4+ 44. Kxg4 h3 45. Kxh3 Kf6 46. Kg4 Kf7 47. Qc6 Ke7 48. Kf5 Kd8 49. Qb7 Ke8 50. a6 Kf8 51. a7 Kg8 52. a8Q# 1-0

[Event "Titled Tuesday intern op 18th Oct Late"]
[Site "Chess.com INT"]
[Date "2022.10.18"]
[Round "6"]
[White "Kowalysko, Roman"]
[Black "Ansh, M Shah"]
[Result "0-1"]
[WhiteElo "1914"]
[BlackElo "2184"]
[PlyCount "90"]
[EventDate "2022.10.18"]
[EventType "swiss (blitz)"]
[EventRounds "11"]
[EventCountry "USA"]
[SourceTitle "EXT 2024"]
[Source "ChessBase"]
[SourceDate "2023.10.10"]
[SourceVersion "1"]
[SourceVersionDate "2023.10.10"]
[SourceQuality "1"]

1. e4 c6 2. Nf3 d5 3. exd5 cxd5 4. Ne5 Nc6 5. d4 Nf6 6. c3 e6 7. f4 Nxe5 8. fxe5 Ne4 9. Bd3 Qh4+ 10. g3 Nxg3 11. hxg3 Qxh1+ 12. Bf1 Qe4+ 13. Be2 Bd7 14. Nd2 Qg6 15. Nf1 Be7 16. Bd3 f5 17. Bf4 Bg5 18. Qd2 h6 19. 0-0-0 Bxf4 20. gxf4 Qf7 21. Ne3 g5 22. Rf1 g4 23. Qh2 h5 24. Ng2 h4 25. Nxh4 0-0-0 26. Qg3 Rh5 27. c4 Bc6 28. c5 Rdh8 29. Ng2 Rh3 30. Qf2 Rxd3 31. Ne3 Rh3 32. Re1 Rf3 33. Qg1 Qh5 34. Nxd5 Bxd5 35. Re2 Rh3 36. Kc2 Rdf3 37. Qe1 Rh2 38. Qd2 Rxe2 39. Qxe2 Rh3 40. Qb5 Rh2+ 41. Kc3 Bc6 42. Qc4 Qh3+ 43. Kb4 Rxb2+ 44. Ka5 Qa3+ 45. Qa4 Qxa4# 0-1

[Event "Titled Tuesday intern op 18th Oct Late"]
[Site "Chess.com INT"]
[Date "2022.10.18"]
[Round "10"]
[White "Kowalysko, Roman"]
[Black "Winkels, Marcel"]
[Result "1-0"]
[WhiteElo "1914"]
[BlackElo "1960"]
[PlyCount "43"]
[EventDate "2022.10.18"]
[EventType "swiss (blitz)"]
[EventRounds "11"]
[EventCountry "USA"]
[SourceTitle "EXT 2024"]
[Source "ChessBase"]
[SourceDate "2023.10.10"]
[SourceVersion "1"]
[SourceVersionDate "2023.10.10"]
[SourceQuality "1"]

1. e4 c5 2. Nf3 d6 3. d4 cxd4 4. Nxd4 Nf6 5. Nc3 a6 6. Bg5 e6 7. f4 Be7 8. Qf3 Qc7 9. 0-0-0 Nbd7 10. Qg3 b5 11. Bxf6 Bxf6 12. Bxb5 axb5 13. Ndxb5 Qb8 14. Nxd6+ Ke7 15. e5 Ba6 16. exf6+ gxf6 17. Rhe1 Rg8 18. Qh3 Qb4 19. Rxe6+ Kf8 20. Qh6+ Rg7 21. Re4 Qb6 22. Nf5 1-0

[Event "Titled Tuesday intern op 04th Oct Late"]
[Site "Chess.com INT"]
[Date "2022.10.04"]
[Round "7"]
[White "Kowalysko, Roman"]
[Black "Sadovsky, Artem"]
[Result "0-1"]
[WhiteElo "1914"]
[BlackElo "2276"]
[PlyCount "32"]
[EventDate "2022.10.04"]
[EventType "swiss (blitz)"]
[EventRounds "11"]
[EventCountry "USA"]
[SourceTitle "EXT 2023"]
[Source "ChessBase"]
[SourceDate "2022.10.05"]
[SourceVersion "1"]
[SourceVersionDate "2022.10.05"]
[SourceQuality "1"]

1. e4 g6 2. d4 c5 3. Bc4 Bg7 4. dxc5 Qa5+ 5. c3 Qxc5 6. Qb3 Nf6 7. Be3 Qc7 8. Bxf7+ Kf8 9. Bc4 Nxe4 10. Ne2 Nc6 11. Bd5 Nf6 12. Bxc6 bxc6 13. 0-0 Ba6 14. Re1 Ng4 15. Nd2 Qxh2+ 16. Kf1 Qh1# 0-1

[Event "Titled Tuesday intern op 12th Jul Late"]
[Site "Chess.com INT"]
[Date "2022.07.12"]
[Round "9"]
[White "Muhammed, Shuaau"]
[Black "Kowalysko, Roman"]
[Result "1-0"]
[WhiteElo "1987"]
[BlackElo "1957"]
[PlyCount "65"]
[EventDate "2022.07.12"]
[EventType "swiss (blitz)"]
[EventRounds "11"]
[EventCountry "USA"]
[SourceTitle "EXT 2023"]
[Source "ChessBase"]
[SourceDate "2022.10.05"]
[SourceVersion "1"]
[SourceVersionDate "2022.10.05"]
[SourceQuality "1"]

1. e4 c5 2. Nf3 d6 3. c4 Nc6 4. d4 cxd4 5. Nxd4 Be6 6. Nxe6 fxe6 7. Nc3 g6 8. h4 Bg7 9. h5 Qb6 10. hxg6 hxg6 11. Rxh8 Bxh8 12. Qg4 Bxc3+ 13. bxc3 Kf7 14. Bd3 Ne5 15. Qf4+ Nf6 16. Be2 Rh8 17. g4 Rh1+ 18. Kd2 Kg7 19. Kc2 Qc5 20. Be3 Qa3 21. Rxh1 Qxa2+ 22. Kd1 Qb1+ 23. Bc1 Qb3+ 24. Ke1 Qxc3+ 25. Kf1 Nexg4 26. Bxg4 Nxg4 27. Qxg4 Qxc1+ 28. Kg2 Qxc4 29. Qf4 a5 30. Qh6+ Kf6 31. Qh8+ Kg5 32. Qh6+ Kg4 33. Rh4# 1-0

[Event "Titled Tuesday intern op 24th May Early"]
[Site "Chess.com INT"]
[Date "2022.05.24"]
[Round "5"]
[White "Kowalysko, Roman"]
[Black "Avazkhonov, Alikhon"]
[Result "1-0"]
[WhiteElo "1957"]
[BlackElo "1538"]
[PlyCount "57"]
[EventDate "2022.05.24"]
[EventType "swiss (blitz)"]
[EventRounds "11"]
[EventCountry "USA"]
[SourceTitle "EXT 2023"]
[Source "ChessBase"]
[SourceDate "2022.10.05"]
[SourceVersion "1"]
[SourceVersionDate "2022.10.05"]
[SourceQuality "1"]

1. e4 c5 2. Nf3 d6 3. d4 cxd4 4. Nxd4 Nf6 5. Nc3 a6 6. Bg5 e6 7. f4 h6 8. Bh4 Be7 9. Qf3 Qc7 10. 0-0-0 Nbd7 11. Qg3 0-0 12. Be2 b5 13. Bf3 Bb7 14. e5 dxe5 15. fxe5 Bxf3 16. exf6 Qxg3 17. Bxg3 Bxd1 18. fxe7 Rfe8 19. Rxd1 Nf6 20. Bd6 Rac8 21. a4 bxa4 22. Nxa4 Kh7 23. Nb6 Ng8 24. Nxc8 Rxc8 25. Nc6 Kg6 26. Nd8 Nf6 27. Ba3 Ne8 28. Nb7 f6 29. Rd8 1-0

[Event "Titled Tuesday intern op 24th May Early"]
[Site "Chess.com INT"]
[Date "2022.05.24"]
[Round "10"]
[White "Kowalysko, Roman"]
[Black "Namitbir, Singh Walia"]
[Result "0-1"]
[WhiteElo "1957"]
[BlackElo "2293"]
[PlyCount "144"]
[EventDate "2022.05.24"]
[EventType "swiss (blitz)"]
[EventRounds "11"]
[EventCountry "USA"]
[SourceTitle "EXT 2023"]
[Source "ChessBase"]
[SourceDate "2022.10.05"]
[SourceVersion "1"]
[SourceVersionDate "2022.10.05"]
[SourceQuality "1"]

1. e4 c5 2. Nf3 Nc6 3. d4 cxd4 4. Nxd4 g6 5. Nc3 Bg7 6. Be3 Nf6 7. Be2 0-0 8. 0-0 d5 9. exd5 Nxd5 10. Nxd5 Qxd5 11. Nxc6 Qxc6 12. Bf3 Qa6 13. c3 Be6 14. Be2 Qc6 15. Bf3 Qb5 16. Qc2 Rfd8 17. Be2 Qc6 18. Bf3 Bd5 19. Bxd5 Rxd5 20. Rfd1 Rad8 21. Rxd5 Rxd5 22. Rd1 b6 23. Rxd5 Qxd5 24. c4 Qe5 25. h3 Qxb2 26. Qxb2 Bxb2 27. c5 bxc5 28. Bxc5 a5 29. Bxe7 f5 30. Kf1 Kf7 31. Bc5 Ke6 32. Ke2 Kd5 33. Bb6 a4 34. Kd3 Be5 35. Ba7 g5 36. Bb6 h5 37. Bd8 g4 38. hxg4 fxg4 39. Be7 Bd4 40. f4 Bf2 41. f5 h4 42. Ke2 Bg3 43. f6 Ke6 44. Bd8 Kf7 45. Ke3 Be5 46. Ke4 Bxf6 47. Bxf6 Kxf6 48. Kf4 h3 49. gxh3 gxh3 50. Kg3 Ke5 51. Kxh3 Kd4 52. Kg2 Kc3 53. Kf2 Kb2 54. Ke1 Kxa2 55. Kd1 Kb2 56. Kd2 a3 57. Kd3 a2 58. Kd4 a1Q 59. Kc4 Qc1+ 60. Kd3 Qc3+ 61. Ke4 Kc2 62. Kd5 Kd3 63. Kd6 Qd4+ 64. Kc6 Ke4 65. Kb5 Qe5+ 66. Kc4 Qd5+ 67. Kc3 Qd4+ 68. Kc2 Qd3+ 69. Kb2 Kd4 70. Kc1 Qe2 71. Kb1 Kc3 72. Ka1 Qb2# 0-1

[Event "Titled Tuesday intern op 24th May Early"]
[Site "Chess.com INT"]
[Date "2022.05.24"]
[Round "4"]
[White "Kowalysko, Roman"]
[Black "Tymrakiewicz, Rafal"]
[Result "0-1"]
[WhiteElo "1957"]
[BlackElo "2205"]
[PlyCount "86"]
[EventDate "2022.05.24"]
[EventType "swiss (blitz)"]
[EventRounds "11"]
[EventCountry "USA"]
[SourceTitle "EXT 2023"]
[Source "ChessBase"]
[SourceDate "2022.10.05"]
[SourceVersion "1"]
[SourceVersionDate "2022.10.05"]
[SourceQuality "1"]

1. e4 Nf6 2. Nc3 d5 3. e5 Ne4 4. Nxe4 dxe4 5. d4 exd3 6. Bxd3 Nc6 7. Nf3 Bg4 8. Bf4 e6 9. 0-0 Bc5 10. c3 g5 11. Bg3 h5 12. b4 Bb6 13. Bb5 Qxd1 14. Raxd1 Bxf3 15. gxf3 h4 16. a4 hxg3 17. hxg3 a5 18. Bxc6+ bxc6 19. bxa5 Rxa5 20. Rd3 Rxe5 21. Rfd1 Rd5 22. c4 Rxd3 23. Rxd3 Ke7 24. Kg2 Ra8 25. Ra3 Bc5 26. Ra2 Bb4 27. g4 Kd6 28. Kg3 e5 29. Re2 f6 30. Ra2 Kc5 31. Kg2 Kxc4 32. Kg3 Kb3 33. Ra1 c5 34. a5 c4 35. a6 c3 36. a7 c2 37. f4 exf4+ 38. Kg2 Bd2 39. f3 c1Q 40. Ra6 Qc2 41. Kh3 Rh8+ 42. Kg2 Be3+ 43. Kf1 Rh1# 0-1